Lab-Biology-XI (Record no. 3357)

MARC details
000 -LEADER
fixed length control field 00221nam a22000857a 4500
008 - FIXED-LENGTH DATA ELEMENTS--GENERAL INFORMATION
fixed length control field 160921b xxu||||| |||| 00| 0 eng d
100 ## - MAIN ENTRY--PERSONAL NAME
9 (RLIN) 700
Personal name Aggarwal.V.P
245 ## - TITLE STATEMENT
Title Lab-Biology-XI
260 ## - PUBLICATION, DISTRIBUTION, ETC. (IMPRINT)
Place of publication, distribution, etc. New Delhi
Name of publisher, distributor, etc. AP. Publications
Date of publication, distribution, etc. 2011
Holdings
Withdrawn status Lost status Source of classification or shelving scheme Damaged status Koha normalized classification for sorting Not for loan Home library Current library Shelving location Date acquired Total Checkouts Total Renewals Full call number Barcode Date last seen Date last checked out Price effective from Koha item type
    Dewey Decimal Classification   574_000000000000000   Good Samaritan School Library Good Samaritan School Library Biology 09/21/2016 5 1 574 AGG9823 07/10/2024 07/09/2024 09/21/2016 BOOK

Powered by Koha